Los escritos apócrifos cristianos (Registro nro. 44776)
[ vista simple ]
| 000 -LÍDER | |
|---|---|
| Campo fijo de descripción fija | 00996nam a22002897a 4500 |
| 001 - NÚMERO DE CONTROL | |
| Campo de control | 18327 |
| 003 - IDENTIFICADOR DEL NÚMERO DE CONTROL | |
| Campo de control | CO-MdFUSB |
| 005 - FECHA Y HORA DE LA ULTIMA TRANSACCIÓN | |
| control field | 20180622073155.0 |
| 008 - ELEMENTOS DE LONGITUD FIJA -- INFORMACIÓN GENERAL | |
| Campo fijo de descripción fija -- Información general | 180503t2010 sp ||||| |||| 00| 0 spa d |
| 020 ## - NÚMERO INTERNACIONAL NORMALIZADO PARA LIBROS | |
| Número Internacional Normalizado del libro | 978-84-9945-120-6 |
| 040 ## - FUENTE DE CATALOGACIÓN | |
| Agencia de catalogación original | CO-MdFUSB |
| Idioma de catalogación | spa |
| Agencia que realiza la transcripción | CO-MdFUSB |
| Agencia que realiza la modificación | CO-MdFUSBC |
| Convenciones de la descripción | rda |
| 041 ## - CÓDIGO DE IDIOMA | |
| Código de idioma para texto/pista de sonido o título separado | spa |
| Código de idioma original | fre |
| 082 04 - NÚMERO DE CLASIFICACIÓN DECIMAL DEWEY | |
| Número de clasificación | G 229.07 P951e |
| 100 1# - ASIENTO PRINCIPAL--NOMBRE PERSONAL | |
| Nombre personal | Prieur, Jean-Marc. |
| Término relacionador | autor |
| 245 #4 - TÍTULO | |
| Título del Material | Los escritos apócrifos cristianos |
| Mención de responsabilidad, etc. | / Jean-Marc Prieur ; traducido por Pedro Barrodo y María del Pilar Salas |
| 264 #4 - PRODUCCIÓN, PUBLICACIÓN, DISTRIBUCIÓN, MANUFACTURA, Y COPYRIGHT | |
| Lugar de producción, publicación, distribución, manufactura | Estrella, Navarra : |
| Nombre del productor, publicador, distribuidor | Verbo Divino, |
| Fecha de producción, publicación, distribución, manufactura, o copyright | ©2010 |
| 300 ## - DESCRIPCIÓN FÍSICA | |
| Extensión | 62 p. |
| 336 ## - TIPO DE CONTENIDO | |
| Fuente | rdacontent |
| Término de tipo de contenido | texto |
| Código de tipo de contenido | txt |
| 337 ## - TIPO DE MEDIO | |
| Fuente | rdamedia |
| Nombre del tipo de medio | video |
| Código del tipo de medio | n |
| 338 ## - TIPO DE SOPORTE | |
| Fuente | rdacarrier |
| Nombre del tipo de soporte | volumen |
| Código Tipo de soporte | nc |
| 501 ## - NOTA DE “CON” | |
| Nota de Contenido | Rústico |
| 505 00 - NOTA DE CONTENIDO | |
| Nota de contenido con formato preestablecido | Los escritos apócrifos cristianos -- historia de la redacción de los escritos apócrifos -- interés por los escritos apócrifos |
| 653 ## - TÉRMINO DE INDIZACIÓN - NO CONTROLADO | |
| Término no controlado | Biblia A.T. - Apócrifos |
| 653 ## - TÉRMINO DE INDIZACIÓN - NO CONTROLADO | |
| Término no controlado | Libro de los jubileos |
| 653 ## - TÉRMINO DE INDIZACIÓN - NO CONTROLADO | |
| Término no controlado | Libros apócrifos |
| 942 ## - TIPO DE MATERIAL (KOHA) | |
| Tipo de Item KOHA | Libros General |
| Estado de Material | Estado de Perdido | Estado de Dañado | No para Préstamo | Colección | Tomo | Biblioteca de Origen | Biblioteca Permanente | Fecha de Adquisición | Total de Préstamos | Signatura Topográfica | Código de Barras | Última vez visto | Última vez Préstado | Ejemplar/Existencia | Fecha de Remplazo | Tipo de Material |
|---|---|---|---|---|---|---|---|---|---|---|---|---|---|---|---|---|
| Colección General | Biblioteca FUSBC | Biblioteca FUSBC | 23/05/2014 | 1 | G 229.07 P951e | 18189 | 29/08/2024 | 18/08/2018 | 1 | 26/01/2016 | Libros General |
